Overriding interest (Record no. 70475)

MARC details
000 -LEADER
fixed length control field 01243cam a2200265 4500
001 - CONTROL NUMBER
control field WB3821-19
008 - FIXED-LENGTH DATA ELEMENTS--GENERAL INFORMATION
fixed length control field 020612n2002 000 0 eng u
035 ## - SYSTEM CONTROL NUMBER
System control number (Sirsi) u118397
245 ## - TITLE STATEMENT
Title Overriding interest
260 ## - PUBLICATION, DISTRIBUTION, ETC.
Date of publication, distribution, etc. 2002
490 ## - SERIES STATEMENT
Series statement Estates Gazette
Volume/sequential designation [2002] 23 EG 122 (CS) (8/6/02)
520 ## - SUMMARY, ETC.
Summary, etc. "UCB Group Ltd v Hedworth" CA 24 May 2002. U appealed agianst the refusal of the HC to allow a claim for vacation contesting H's overriding interest. CA allowed appeal on the grounds that H's beneficial interest did not fall within the definition of the Land Registration Act 1925 S3(8). Full decision available on Court Service Website http://www.courtservice.gov.uk/View.do?id=1195&searchTerm=UCB&ascending=false&index=0&maxIndex=1
590 ## - LOCAL NOTE (RLIN)
Local note WB
650 ## - SUBJECT ADDED ENTRY--TOPICAL TERM
Topical term or geographic name entry element BARE TRUST
650 ## - SUBJECT ADDED ENTRY--TOPICAL TERM
Topical term or geographic name entry element CIVIL PROCEDURE RULES PART 24
650 ## - SUBJECT ADDED ENTRY--TOPICAL TERM
Topical term or geographic name entry element OVERRIDING INTEREST
650 ## - SUBJECT ADDED ENTRY--TOPICAL TERM
Topical term or geographic name entry element BENEFICIAL OWNERSHIP
650 ## - SUBJECT ADDED ENTRY--TOPICAL TERM
Topical term or geographic name entry element ESTOPPEL
650 ## - SUBJECT ADDED ENTRY--TOPICAL TERM
Topical term or geographic name entry element UCB GROUP LTD V HEDWORTH
650 ## - SUBJECT ADDED ENTRY--TOPICAL TERM
Topical term or geographic name entry element LAND REGISTRATION ACT 1925 S3
650 ## - SUBJECT ADDED ENTRY--TOPICAL TERM
Topical term or geographic name entry element LAND REGISTRATION ACT 1925 S70(1)(G)
690 ## - LOCAL SUBJECT ADDED ENTRY--TOPICAL TERM (OCLC, RLIN)
Topical term or geographic name as entry element PROPERTY AND LAND LAW-CASE LAW
856 ## - ELECTRONIC LOCATION AND ACCESS
Uniform Resource Identifier <a href="https://www.courtservice.gov.uk/View.do?id=1195&searchTerm=UCB&ascending=false&index=0&maxIndex=1">https://www.courtservice.gov.uk/View.do?id=1195&searchTerm=UCB&ascending=false&index=0&maxIndex=1</a>
942 ## - ADDED ENTRY ELEMENTS (KOHA)
Suppress in OPAC 0
Holdings
Withdrawn status Lost status Source of classification or shelving scheme Damaged status Not for loan Home library Current library Shelving location Date acquired Total Checkouts Full call number Barcode Date last seen Copy number Price effective from Koha item type
    Dewey Decimal Classification     London London News article 12/06/2002   WB3821-19 118397-1001 06/08/2019 1 06/08/2019 News article